African Capitals - Sudden Death - Statistics

General Stats
  • This quiz has been taken 127 times
  • The average score is 14 of 30
Answers on the Grid
Answers color-coded by a green-red scale on the quiz's grid according to % correct below.
Abidjan
Accra
Ahmedabad
Antananarivo
Bamako
Bangui
Belmopan
Benghazi
Bloemfontein
Bridgetown
Bujumbura
Cairo
Castries
Conakry
Cotonou
Dakar
Dar es Salaam
Dhaka
Dili
Durban
Freetown
Gaborone
Georgetown
Gitega
Goma
Harare
Izmir
Jinja
Johannesburg
Juba
Kampala
Khartoum
Kigali
Lagos
Malabo
Malé
Managua
Manama
Mandalay
Maputo
Mombasa
Monrovia
Nairobi
Nouakchott
Ouagadougou
Port Louis
Port Moresby
Port Vila
Porto-Novo
Praia
Quetta
Sana'a
Thessaloniki
Toulon
Tripoli
Uppsala
Victoria
Yamoussoukro
Yaoundé
Yerevan
 
Answer Stats
Answer % Correct
Accra
86%
Antananarivo
75%
Bamako
66%
Cairo
66%
Bangui
63%
Dakar
58%
Bloemfontein
57%
Khartoum
54%
Freetown
49%
Conakry
48%
Gaborone
48%
Harare
46%
Gitega
45%
Yaoundé
42%
Juba
40%
Kampala
40%
Kigali
40%
Nairobi
38%
Tripoli
38%
Victoria
38%
Yamoussoukro
38%
Ouagadougou
37%
Maputo
35%
Monrovia
35%
Nouakchott
34%
Porto-Novo
34%
Praia
34%
Cotonou
32%
Malabo
32%
Port Louis
31%
No matching quizzes found
Score Distribution
Percent of People with Each Score
Percentile by Number Answered
Your Score History
You have not taken this quiz